Loading...
| History - American | 0 | 4 | 0 | 1 | 40 | 95 | 107.75 | 0 | 2 | 4.85 | 13.64 |
| History - Other | 0 | 4 | 0 | 1 | 40 | 77 | 118.00 | 1 | 3 | 3.24 | 21.21 |
| Philosophy | 0 | 3 | 0 | 1 | 30 | 41 | 101.00 | 1 | 2 | 6.35 | 18.18 |
| History - European | 0 | 4 | 2 | 0 | 30 | 52 | 92.75 | 1 | 2 | 10.91 | 21.21 |
| Current Events | 0 | 2 | 0 | 0 | 20 | 67 | 83.00 | 0 | 2 | 23.79 | 38.89 |
| Literature - European | 0 | 2 | 0 | 2 | 20 | 142 | 145.00 | 0 | 0 | 0.00 | 3.03 |
| Fine Arts - Classical Music | 0 | 2 | 0 | 0 | 20 | 127 | 133.00 | 0 | 1 | -0.29 | 4.55 |
| Literature - World | 0 | 2 | 0 | 0 | 20 | 60 | 86.00 | 1 | 2 | 5.56 | 10.61 |
| Social Science | 0 | 1 | 0 | 1 | 10 | 136 | 136.00 | 0 | 0 | 0.00 | 1.52 |
| Fine Arts - Other | 0 | 1 | 0 | 1 | 10 | 139 | 139.00 | 0 | 0 | 0.00 | 1.52 |
| Fine Arts - Painting and Sculpture | 0 | 1 | 0 | 0 | 10 | 109 | 109.00 | 0 | 1 | 2.11 | 7.58 |
| Geography | 0 | 1 | 0 | 0 | 10 | 48 | 48.00 | 1 | 1 | 15.48 | 25.00 |
| Literature - American | 0 | 1 | 0 | 0 | 10 | 109 | 109.00 | 0 | 1 | 2.21 | 6.06 |
| Religion | 0 | 1 | 0 | 0 | 10 | 133 | 133.00 | 0 | 1 | 0.81 | 7.58 |
| Science - Other | 0 | 1 | 0 | 0 | 10 | 116 | 116.00 | 0 | 0 | 0.15 | 1.52 |
| History - World | 0 | 2 | 3 | 0 | 5 | 87 | 95.50 | 1 | 2 | 4.70 | 15.15 |
| Mythology | 0 | 0 | 0 | 0 | 0 | 0.00 | 0 | 0 | 0.00 | 0.00 |